000 00243nam a2200097Ia 4500
005 20251222114338.0
008 251222s1900||||xx |||||||||||||| ||spa||
082 _aDVD0070/A86/2006
245 0 _aAkeelah and the bee:Akeelah contra todos
942 _cDVD
999 _c758
_d758